Guess the Olivia Rodrigo song (no hints) - Statistics

General Stats
  • This quiz has been taken 86 times
  • The average score is 155 of 253
Answer Stats
Answer % Correct
a
99%
I
99%
you
93%
my
83%
when
83%
When
83%
And
80%
and
80%
the
80%
love
75%
to
75%
Me,
74%
for
72%
am
70%
All
68%
all
68%
in
68%
like
68%
like,
68%
Like,
68%
it
67%
it,
67%
your
67%
I'm
65%
is
65%
know
64%
that
64%
That
64%
don't
61%
got
59%
Got
59%
can't
58%
of
58%
what
58%
American
57%
Oh,
57%
this
57%
kind
55%
time
55%
time)
55%
bitch
54%
cry
54%
just
54%
Just
54%
fucking
52%
get
52%
perfect
52%
as
51%
pretty
51%
with
51%
With
51%
hips
48%
things
48%
Yeah,
48%
lips
46%
make
46%
act
45%
"Ah"
45%
feel
45%
place
45%
place,
45%
sexy,
45%
age,
43%
forget
43%
light
43%
feather,
42%
Forgive,
42%
I've
42%
only
42%
people
42%
scream
42%
angry
41%
deal
41%
grateful
41%
(Grateful
41%
ignore
41%
most
41%
resist
41%
attention
39%
inside
39%
pay
39%
that's
39%
use
39%
Coca-Cola
38%
eternal
38%
mother
38%
optimist
38%
pissed
38%
curl
36%
every
36%
hair
36%
jokes
36%
machine
36%
stiff
36%
swear
36%
goddamn
35%
sure
35%
total
35%
air
33%
alright
33%
board
33%
bottles
33%
'bout
33%
Kennedy,
33%
movies
33%
cruelty,
32%
mean
32%
sun
32%
fresh
30%
pocket,
30%
senseless
30%
little
29%
spare,
29%
darkness
28%
motherfuckin'
28%
believe
26%
best
26%
Built
26%
issue,
26%
integrity
25%
class
23%
No matching quizzes found
Score Distribution
Percent of People with Each Score
Percentile by Number Answered
Your Score History
You have not taken this quiz